<?xml version="1.0" encoding="UTF-8"?><?xml-stylesheet type="text/xsl" href="static/style.xsl"?><OAI-PMH xmlns="http://www.openarchives.org/OAI/2.0/" xmlns:xsi="http://www.w3.org/2001/XMLSchema-instance" xsi:schemaLocation="http://www.openarchives.org/OAI/2.0/ http://www.openarchives.org/OAI/2.0/OAI-PMH.xsd"><responseDate>2026-04-29T12:23:46Z</responseDate><request verb="GetRecord" identifier="oai:repisalud.isciii.es:20.500.12105/27006" metadataPrefix="marc">https://repisalud.isciii.es/rest/oai/request</request><GetRecord><record><header><identifier>oai:repisalud.isciii.es:20.500.12105/27006</identifier><datestamp>2025-12-11T01:18:45Z</datestamp><setSpec>com_20.500.12105_19586</setSpec><setSpec>com_20.500.12105_2202</setSpec><setSpec>col_20.500.12105_19587</setSpec></header><metadata><record xmlns="http://www.loc.gov/MARC21/slim" xmlns:dcterms="http://purl.org/dc/terms/" xmlns:doc="http://www.lyncode.com/xoai" xmlns:xsi="http://www.w3.org/2001/XMLSchema-instance" xsi:schemaLocation="http://www.loc.gov/MARC21/slim http://www.loc.gov/standards/marcxml/schema/MARC21slim.xsd">
   <leader>00925njm 22002777a 4500</leader>
   <datafield ind2=" " ind1=" " tag="042">
      <subfield code="a">dc</subfield>
   </datafield>
   <datafield ind2=" " ind1=" " tag="720">
      <subfield code="a">Real, Carlos</subfield>
      <subfield code="e">author</subfield>
   </datafield>
   <datafield ind2=" " ind1=" " tag="720">
      <subfield code="a">Párraga, Rocío</subfield>
      <subfield code="e">author</subfield>
   </datafield>
   <datafield ind2=" " ind1=" " tag="720">
      <subfield code="a">González-Calvo, Ernesto</subfield>
      <subfield code="e">author</subfield>
   </datafield>
   <datafield ind2=" " ind1=" " tag="720">
      <subfield code="a">Gutiérrez-Ortiz, Eva</subfield>
      <subfield code="e">author</subfield>
   </datafield>
   <datafield ind2=" " ind1=" " tag="720">
      <subfield code="a">Díaz-Muñoz, Raquel</subfield>
      <subfield code="e">author</subfield>
   </datafield>
   <datafield ind2=" " ind1=" " tag="720">
      <subfield code="a">Sánchez-González, Javier</subfield>
      <subfield code="e">author</subfield>
   </datafield>
   <datafield ind2=" " ind1=" " tag="720">
      <subfield code="a">Beneito-Durá, María</subfield>
      <subfield code="e">author</subfield>
   </datafield>
   <datafield ind2=" " ind1=" " tag="720">
      <subfield code="a">Martínez-Gómez, Jesús</subfield>
      <subfield code="e">author</subfield>
   </datafield>
   <datafield ind2=" " ind1=" " tag="720">
      <subfield code="a">Pizarro, Gonzalo</subfield>
      <subfield code="e">author</subfield>
   </datafield>
   <datafield ind2=" " ind1=" " tag="720">
      <subfield code="a">García-Lunar, Inés</subfield>
      <subfield code="e">author</subfield>
   </datafield>
   <datafield ind2=" " ind1=" " tag="720">
      <subfield code="a">Fernández-Jiménez, Rodrigo</subfield>
      <subfield code="e">author</subfield>
   </datafield>
   <datafield ind2=" " ind1=" " tag="260">
      <subfield code="c">2024-12</subfield>
   </datafield>
   <datafield ind2=" " ind1=" " tag="520">
      <subfield code="a">Myocardial strain is a promising marker for the detection of early left or right ventricular (LV or RV) dysfunction in pediatric populations. The reference standard for MR strain measurement is myocardial tagging (MT); however, MT has limited clinical utility because the additional acquisitions needed are time-consuming. In contrast, MR-feature tracking (FT) allows strain quantification from routinely acquired cine sequences. Studies providing reference values obtained with both FT and MT for adolescents are lacking. To use MR-FT and MT to define sex-specific LV and RV strain reference values for adolescents. Cross-sectional, prospective. One hundred twenty-three adolescents aged 15-18 years (52% girls) without known cardiovascular disease. Balanced steady-state free-precession sequence for FT analysis and a spatial modulation of magnetization hybrid TFE-EPI sequence for MT acquisitions at 3.0-T. Segment Medviso software was used to obtain longitudinal (LS) and circumferential (CS) strain for both ventricles, and radial strain (RS) for LV. The Student t-test was used for between-sex comparisons of continuous variables. Sex-specific percentiles were calculated using the weighted average method. Intraobserver and interobserver agreement was assessed in 30 randomly selected studies using intraclass correlation coefficients (ICC). A P-value &lt;0.05 was considered statistically significant. FT-derived LVLS and LVCS were significantly higher in girls than in boys (-19.8% vs. -17.8% and -22.2% vs. -21.0%, respectively), as they were with MT (LVLS: -18.1% vs. -16.8%; LVCS: -20.8% vs. -19.7%). FT-LVRS was higher in girls than in boys (44.8% vs. 35.1%), while MT-LVRS was the opposite (18.6% vs. 22.7%). FT-RVLS was higher in girls (-23.4% vs. -21.3%), but there were no between-sex differences in MT-derived RVLS or RVCS. ICC values for intraobserver agreement were ≥0.89, whereas for interobserver agreement were &lt;0.80 for MT-LVRS and ≥0.80 for all remaining parameters. This study provides sex-specific reference biventricular strain values obtained with MR-MT and MR-FT for adolescents aged 15-18 years. MR-FT may be a valid method for obtaining strain values in pediatric populations.</subfield>
   </datafield>
   <datafield ind2=" " ind1=" " tag="520">
      <subfield code="a">1 TECHNICAL EFFICACY: Stage 3.</subfield>
   </datafield>
   <datafield ind1="8" ind2=" " tag="024">
      <subfield code="a">J Magn Reson Imaging. 2024 Dec;60(6):2409-2420.</subfield>
   </datafield>
   <datafield ind1="8" ind2=" " tag="024">
      <subfield code="a">JOURNAL OF MAGNETIC RESONANCE IMAGING</subfield>
   </datafield>
   <datafield ind1="8" ind2=" " tag="024">
      <subfield code="a">38441395</subfield>
   </datafield>
   <datafield ind1="8" ind2=" " tag="024">
      <subfield code="a">https://hdl.handle.net/20.500.12105/27006</subfield>
   </datafield>
   <datafield tag="653" ind2=" " ind1=" ">
      <subfield code="a">adolescent</subfield>
   </datafield>
   <datafield tag="653" ind2=" " ind1=" ">
      <subfield code="a">feature tracking</subfield>
   </datafield>
   <datafield tag="653" ind2=" " ind1=" ">
      <subfield code="a">myocardial tagging</subfield>
   </datafield>
   <datafield tag="653" ind2=" " ind1=" ">
      <subfield code="a">strain</subfield>
   </datafield>
   <datafield ind2="0" ind1="0" tag="245">
      <subfield code="a">Adolescent Reference Values for MR-Derived Biventricular Strain Obtained Using Feature-Tracking and Myocardial Tagging.</subfield>
   </datafield>
</record></metadata></record></GetRecord></OAI-PMH>